State domestic product of Arunachal Pradesh (Record no. 496823)

000 -LEADER
fixed length control field 00446cam a22001217a 4500
008 - FIXED-LENGTH DATA ELEMENTS--GENERAL INFORMATION
fixed length control field 180718b xxu||||| |||| 00| 0 eng d
082 ## - DEWEY DECIMAL CLASSIFICATION NUMBER
Classification number T112x54111 Ar84d/1970-84
245 ## - TITLE STATEMENT
Title State domestic product of Arunachal Pradesh
Statement of responsibility, etc. by Directorate of Economics & Statistics
260 ## - PUBLICATION, DISTRIBUTION, ETC.
Place of publication, distribution, etc. Shillong
Name of publisher, distributor, etc. Government of Arunachal Pradesh
Date of publication, distribution, etc.
300 ## - PHYSICAL DESCRIPTION
Extent v.p.
500 ## - GENERAL NOTE
General note Contents: 1980-81 to1993-94
700 ## - ADDED ENTRY--PERSONAL NAME
Personal name Arunachal Pradesh. Directorate of Economics & Statistics
Holdings
Withdrawn status Lost status Damaged status Not for loan Permanent Location Current Location Date acquired Full call number Barcode Date last seen Price effective from Koha item type
        Indian Institute of Public Administration Indian Institute of Public Administration 2018-08-04 T112x54111 Ar84d/1970-84 GG20275 2018-08-04 2018-08-04 GG

Powered by Koha